Statistics for The World's 50 Largest Cities by Letter - E

Click here to take the quiz!

General Stats

  • This quiz has been taken 131 times
  • The average score is 7 of 50

Answer Stats

# Population Country City % Correct
2933 kCanadaEdmonton
94%
8583 kGermanyEssen
83%
11480 kUKEdinburgh
74%
6683 kUSAEl Paso
71%
28227 kNetherlandsEindhoven
50%
20275 kFinlandEspoo
39%
11,742 kMexicoEcatepec
25%
34210 kGermanyErfurt
24%
27228 kSpainElche
23%
45152 kUSAEscondido
22%
3847 kBoliviaEl Alto
19%
19296 kSouth AfricaEast London
16%
38170 kUSAElk Grove
16%
39167 kUSAEugene
15%
42158 kNetherlandsEnschede
15%
5685 kTurkeyEskisehir
14%
44153 kTurkeyEdirne
14%
4723 kNigeriaEnugu
13%
14386 kTurkeyErzurum
11%
24252 kKenyaEldoret
10%
16345 kSudanEl Obeid
9%
23255 kPalestineEast Jerusalem
9%
29226 kRussiaEngels
9%
7608 kChinaEzhou
8%
15352 kTurkeyElâzığ
7%
32218 kSudanEl Fasher
7%
41159 kRussiaElektrostal
6%
50137 kKazakhstanEkibastuz
4%
10522 kIndiaErode
4%
18296 kMexicoEnsenada
4%
40167 kZimbabweEpworth
3%
30225 kColombiaEnvigado
3%
9535 kEgyptEl Mahalla El Kubra
3%
36187 kAlgeriaEl Oued
3%
48143 kTunisiaEttadhamen-Mnihla
2%
43154 kEcuadorEsmeraldas
2%
12448 kIranEslamshahr
2%
13439 kEgyptEl Mansoura
2%
25251 kIndiaEluru
2%
17320 kChinaEnshi
2%
21267 kBrazilEmbu das Artes
2%
33210 kVenezuelaEl Tigre
2%
22257 kIndiaEtawah
2%
37181 kNigeriaEpe
1%
35195 kMoroccoEl Jadida
1%
46145 kAlgeriaEl Eulma
1%
47144 kChinaEjinhoro
1%
31220 kChinaEmeishan
1%
49138 kEgyptEl Arish
1%
26244 kChinaEnping
1%

Score Distribution

Percentile by Number Answered

Percent of People with Each Score

Your Score History

You have not taken this quiz